[Event "FRA-chT"]
[Site "France"]
[Date "1998.04.02"]
[Round "4"]
[White "Lecuyer, Christian"]
[Black "Pecot, Laurent"]
[Result "0-1"]
[WhiteElo "2265"]
[BlackElo "2210"]
[PlyCount "62"]
[EventDate "1998.02.06"]
[EventType "team-tourn"]
[EventRounds "11"]
[EventCountry "FRA"]
[SourceTitle "CBM 064 Extra"]
[Source "ChessBase"]
[SourceDate "1998.07.07"]
[SourceVersion "1"]
[SourceVersionDate "1998.07.07"]
[SourceQuality "1"]

1. Nf3 d5 2. d4 c5 3. e3 Nf6 4. c4 e6 5. Nc3 a6 6. cxd5 exd5 7. Be2 Nc6 8. 0-0 Bd6 9. dxc5 Bxc5 10. b3 0-0 11. Bb2 Ba7 12. Rc1 Re8 13. Rc2 Bf5 14. Rd2 Ne7 15. Qa1 Qd6 16. Nd4 Ng4 17. Bxg4 Bxg4 18. Nce2 Rad8 19. Ng3 Bb8 20. f3 Bc8 21. Rfd1 h5 22. Nf1 h4 23. Ne2 Qh6 24. e4 h3 25. g3 Bc7 26. Qc1 Bb6+ 27. Bd4 dxe4 28. fxe4 Bg4 29. Bf2 Qf6 30. Ne3 Bxe3 31. Bxe3 Qf3 0-1